000 00453cam a2200181ua 4500
020 _cRs 2.50
041 0 _aeng
082 _a320.58
_bGAN/LE
100 _aGandhi, M K.
245 _aLetters to Rajkumari Amrit Kaur /
_cM K Gandhi.
_hTextual Documents
260 _aAhmadabad :
_bNavajivan publishing house ,
_c1961.
300 _a248 ; .
365 _aRs 2.50
504 _a
650 _aGandhiana
942 _cBK
999 _c1102
_d1102